Az Infotér Egyesület kommunikációjának fejlesztési lehetőségei
| Szerző: | |
|---|---|
| További közreműködők: | |
| Dokumentumtípus: | Projektmunka |
| Kulcsszavak: | 21. század fiatalok informatika marketing mesterséges intelligencia |
| Online Access: | http://dolgozattar.uni-bge.hu/60236 |
MARC
| LEADER | 00000nnm a2200000 i 4500 | ||
|---|---|---|---|
| 001 | dolg60236 | ||
| 005 | 20260409150156.0 | ||
| 008 | 260409suuuu hu o 000 hun d | ||
| 040 | |a BGE Dolgozattár Repozitórium |b hun | ||
| 041 | |a hu | ||
| 100 | 1 | |a Jacsó Borbála | |
| 245 | 1 | 3 | |a Az Infotér Egyesület kommunikációjának fejlesztési lehetőségei |c Jacsó Borbála |h [elektronikus dokumentum] |
| 516 | |a Project_work | ||
| 520 | 3 | |a A szakdolgozatomban az Infotér Egyesület kommunikációjának fejlesztési lehetőségeit vizsgáltam. Primer kutatás keretében mélyinterjúkat készítettem, kérdőívet elemeztem, valamint közösségi médiafelületeiket értékeltem. A kutatásom során kiderült, hogy az Egyesület kommunikációja jelenleg rendszertelen és kevésbé célzott. Javaslatként egy átfogó stratégia kidolgozását, rendszeres online aktivitást és a fiatalabb generáció elérését célzó új formátumok bevezetését fogalmaztam meg. | |
| 695 | |a 21. század | ||
| 695 | |a fiatalok | ||
| 695 | |a informatika | ||
| 695 | |a marketing | ||
| 695 | |a mesterséges intelligencia | ||
| 700 | 1 | |a Békési Gábor György |e ths | |
| 856 | 4 | 0 | |u http://dolgozattar.uni-bge.hu/60236/1/Jacso_Borb%C3%A1la_szakdolgozat_X865RF_Infot%C3%A9r_kommunik%C3%A1ci%C3%B3j%C3%A1nak_a_fejleszt%C3%A9se%202025.pdf |z Dokumentum-elérés |
| 856 | 4 | 0 | |u http://dolgozattar.uni-bge.hu/60236/2/Biralat_Jacs%C3%B3%20Borb%C3%A1la.pdf |z Dokumentum-elérés |